00498nam a22001817a 450000500170000000800410001702000180005804100080007608200120008410000210009624500820011725000090019926000540020830000130026265000190027594200070029499900150030120200517131851.0200517b xxu||||| |||| 00| 0 eng d a9788123923413 aeng a615 SHA aSHARMA V N95399 aEssentials of pharmacology: Basic princip;es and general conceptscSharma V N a4'th aNew DelhibCBS Publishers and distributors c2019 a838, xvi aPharmacy95401 cBK c6215d6213